000 00342nam a2200133Ia 4500
008 220204s9999 xx 000 0 und d
082 _a577.1:57.086.13
_bDOU
100 _aDOUZOU, Pierre
245 0 _aCryobiochemistry: An introduction
260 _aNew York
_bAcademic
_c1977
650 _aCryobiochemistry
650 _aEnzyme
942 _cBK
999 _c26779
_d26779